| 000 | 00418cam a2200169ua 4500 | ||
|---|---|---|---|
| 001 | 12069 | ||
| 008 | 200218n ii |||gr||||Z||||||eng | ||
| 020 | _a9789352080489 | ||
| 040 | _cMAIN | ||
| 082 | _a374 | ||
| 100 |
_aJohn Dewey, _eAuthor. |
||
| 245 |
_aDemocracy and education _cBy John Dewey |
||
| 260 |
_aNew Delhi: _bSarup book publishers, _c2016. |
||
| 300 | _a336p. | ||
| 653 | _aAdult education | ||
| 942 | _cBK | ||
| 999 |
_c10848 _d10848 |
||